[Event "Warsaw YMCA Winter-B 237th"]
[Site "Warsaw"]
[Date "2021.02.18"]
[Round "5"]
[White "Haliniak, Wojciech"]
[Black "Tober, Mariusz"]
[Result "1-0"]
[WhiteElo "1779"]
[BlackElo "1611"]
[PlyCount "77"]
[EventDate "2021.01.21"]
[EventType "tourn"]
[EventRounds "11"]
[EventCountry "POL"]
[SourceTitle "EXT 2022"]
[Source "ChessBase"]
[SourceDate "2021.10.06"]
[SourceVersion "1"]
[SourceVersionDate "2021.10.06"]
[SourceQuality "1"]

1. e4 d6 2. d4 g6 3. f4 Bg7 4. Nf3 Nf6 5. e5 dxe5 6. fxe5 Nd5 7. c4 Nb6 8. Be2 0-0 9. 0-0 Bg4 10. h3 Bxf3 11. Bxf3 Nc6 12. Bxc6 bxc6 13. c5 Nd5 14. Qe2 e6 15. Nd2 Ne7 16. Nf3 Nf5 17. Qf2 a5 18. g4 Ne7 19. Bg5 f6 20. exf6 Bxf6 21. Bh6 Bg7 22. Bxg7 Kxg7 23. Qe3 Rf6 24. Ng5 Nd5 25. Nxe6+ Rxe6 26. Qxe6 Qg5 27. Rf7+ Kh6 28. Qe5 Qxe5 29. dxe5 Re8 30. Re1 Re6 31. h4 g5 32. Kg2 gxh4 33. Kh3 Kg6 34. Rf5 Nb4 35. Ref1 Nd5 36. Kxh4 h6 37. g5 h5 38. Rf6+ Nxf6 39. Rxf6+ 1-0